За рубежом. 1: Что решил XIII. пленум ИККИ о профсоюзах ... [и др. статьи по вопросам международного положения и политической жизни за границей] (Запись № 13597444)

Подробности
000 -МАРКЕР
контрольное поле 01378nam2a2200301 4500
001 - ИДЕНТИФИКАТОР ЗАПИСИ
контрольное поле rc\2931917
005 - ИДЕНТИФИКАТОР ВЕРСИИ
контрольное поле 20260315055222.0
035 ## - ДРУГИЕ СИСТЕМНЫЕ НОМЕРА
Идентификатор записи (NLR Aleph) 007081262
100 ## - ДАННЫЕ ОБЩЕЙ ОБРАБОТКИ
Данные общей обработки 20110819d1934 u y0rusy50 ca
101 0# - ЯЗЫК РЕСУРСА
Язык текста, звукозаписи и т.д. русский
102 ## - СТРАНА ПУБЛИКАЦИИ ИЛИ ПРОИЗВОДСТВА
Страна публикации Российская Федерация
105 ## - ПОЛЕ КОДИРОВАННЫХ ДАННЫХ: ТЕКСТОВЫЕ МАТЕРИАЛЫ, МОНОГРАФИЧЕСКИЕ
Кодированные данные о монографическом текстовом документе y z |||||
200 1# - ЗАГЛАВИЕ И СВЕДЕНИЯ ОБ ОТВЕТСТВЕННОСТИ
Основное заглавие Что решил XIII. пленум ИККИ о профсоюзах ... [и др. статьи по вопросам международного положения и политической жизни за границей]
210 ## - ПУБЛИКАЦИЯ, РАСПРОСТРАНЕНИЕ И ДР.
Дата издания, распространения и т.д. 1934
215 ## - ФИЗИЧЕСКАЯ ХАРАКТЕРИСТИКА
Специфическое обозначение материала и объем Обл., 114, [2] с. с объяв.
Размеры 17,5 см
300 ## - ОБЩИЕ ПРИМЕЧАНИЯ
Текст примечания "Вопрос 1. настоящего вып. "За рубежом" составил Ю. Сонин, вопрос 2 - Ю. Бергштейн, вопрос 3. - Я. Екельчик, вопрос 4. - Л. Величко, вопрос 5. - К. Чопп" (с. 114)
461 #0 - УРОВЕНЬ НАБОРА
Встроенное поле 001rc\2931916
-- 2001#$aЗа рубежом$v1
Системный номер (АБИС) связанной записи 6479496
Место публикации Харьков
Дата публикации 1934
Имя издателя, распространителя и т.д. Украïнський робiтник
Заглавие За рубежом
Номер тома 1
702 #1 - ИМЯ ЛИЦА - ВТОРИЧНАЯ ОТВЕТСТВЕННОСТЬ
Начальный элемент ввода Сонин
Часть имени, кроме начального элемента ввода Ю.
Код отношения Составитель
702 #1 - ИМЯ ЛИЦА - ВТОРИЧНАЯ ОТВЕТСТВЕННОСТЬ
Начальный элемент ввода Бергштейн
Часть имени, кроме начального элемента ввода Ю.
Код отношения Составитель
702 #1 - ИМЯ ЛИЦА - ВТОРИЧНАЯ ОТВЕТСТВЕННОСТЬ
Начальный элемент ввода Екельчик
Часть имени, кроме начального элемента ввода Я.
Код отношения Составитель
702 #1 - ИМЯ ЛИЦА - ВТОРИЧНАЯ ОТВЕТСТВЕННОСТЬ
Начальный элемент ввода Величко
Часть имени, кроме начального элемента ввода Л.
Код отношения Составитель
702 #1 - ИМЯ ЛИЦА - ВТОРИЧНАЯ ОТВЕТСТВЕННОСТЬ
Начальный элемент ввода Чопп
Часть имени, кроме начального элемента ввода К.
Код отношения Составитель
801 #0 - ИСТОЧНИК ЗАПИСИ
Страна Российская Федерация
Организация NLR
Правила каталогизации psbo
801 #1 - ИСТОЧНИК ЗАПИСИ
Страна Российская Федерация
Организация ELAR
Источник данных rusmarc
852 ## - МЕСТОНАХОЖДЕНИЕ И ШИФР ХРАНЕНИЯ
Идентификатор организации NLR
Шифр хранения (Call Number) 34-2/1239
942 ## - ДОПОЛНИТЕЛЬНЫЕ ЭЛЕМЕНТЫ ЗАПИСИ (АБИС)
Тип экземпляра АБИС Неопределено
980 ## - КОЛЛЕКЦИЯ
Название коллекции Национальная библиография

Нет доступных экземпляров.